Positively the last Irish joke book (Record no. 37448)

MARC details
000 -LEADER
fixed length control field 00271nam a2200109Ia 4500
082 ## - DEWEY DECIMAL CLASSIFICATION NUMBER
Classification number 82-7
Item number CAG
245 #0 - TITLE STATEMENT
Title Positively the last Irish joke book
260 ## - PUBLICATION, DISTRIBUTION, ETC. (IMPRINT)
Place of publication Great Britain
Name of publisher Futura
Year of publication 1981
700 ## - ADDED ENTRY--PERSONAL NAME
Personal name Peter
942 ## - ADDED ENTRY ELEMENTS (KOHA)
Koha item type Books
Holdings
Withdrawn status Lost status Damaged status Not for loan Home library Current library Date acquired Full call number Accession Number Koha item type
        RRII Library RRII Library 16/12/2021 82-7 CAG 17831 Books